Statistics for The Tranby Quiz

Click here to take the quiz!

General Stats

  • This quiz has been taken 13 times
  • The average score is 14 of 16

Answer Stats

HintAnswer% Correct
How many years are there in total at Tranby?14
100%
What time does school finish?15:25
100%
When did Tranby first start1996
100%
If you start at year 1 and finish year 12, how many terms would you have completed?47
100%
What is the Blue house?bilu
100%
Which of these is not a subject at school: A) Maths B) Commerce C) Defence against the Dark Artsc
100%
How is the Tranby Logo on a minibus stuck on?magnet
100%
Who is the head of science?Mr Kenny
100%
Who is the Headmistress?Mrs Bednall
100%
What is Tranby named after?Ship
100%
What is the Tranby's version of the yearbookTranby Times
100%
In what year do you do Outward Bound?year 10
100%
And the Canberra Trip?year 7
100%
On what date did Mr Davies talk about the Tranby Memes?2nd july
50%
What is Mrs Gandy's first name?Kristine
50%
Who is the head of Budjar?Mrs Lewis
0%

Score Distribution

Percentile by Number Answered

Percent of People with Each Score

Your Score History

You have not taken this quiz